000 00671nam a2200205 i 4500
001 27036
003 ES-MaACL
005 20250817062547.0
007 t|
008 030113s1981 sp ||||1| spa d
100 1 _aArribas Moreno, Antonio.
_923293
245 1 0 _aDistribución geoquímica de los elementos en trazas de los yacimientos españoles del tipo B.G.P.C. /
_cAntonio Arribas Moreno.
260 _aMadrid :
_bFundación Juan March,
_c[1981]
300 _a54 p. ;
_c21 cm.
490 1 _aSerie universitaria
710 2 _aFundación Juan March
_94346
830 0 _aSerie universitaria
_9180747
852 _aES-MaACL
_jL-686
_bR.101426
999 _c27036
_d27036